Oben am jungen Rhein (Anthem of Liechtenstein) Lyrics Quiz - Statistics

General Stats
  • This quiz has been taken 67 times
  • The average score is 14 of 22
Answer Stats
Answers % Correct
am
98%
jungen
98%
Oben
98%
Rhein
98%
Liechtenstein
89%
An
70%
sich
69%
Das
65%
Lehnet
65%
Für
61%
Vaterland
61%
Heimatland,
57%
uns
57%
liebe
56%
Dies
54%
Gottes
54%
Hand
54%
teure
52%
Alpenhöh'n.
50%
Hat
50%
weise
50%
erseh'n.
43%
No matching quizzes found
Score Distribution
Percent of People with Each Score
Percentile by Number Answered
Your Score History
You have not taken this quiz